000 00510nam a22001697a 4500
999 _c40960
_d40960
003 OSt
005 20210224110757.0
008 210224b ||||| |||| 00| 0 eng d
020 _a9789350127049
040 _coclc
082 _a510
_bMIT/J
100 _98423
_aMittal, P C
245 _aJoint CSIR-UGC NET : Mathematical Sciences /
_cP C Mittal ; Ritesh Mishra
260 _aNew Delhi:
_bRamesh Publishing House,
_c2018.
300 _a591p
942 _2ddc
_cBK
_h510
_iMIT/J
_k510
_mMIT/J